00401nam a2200157Ia 4500001000500000005001700005008004100022041000800063082001400071100004000085245006500125260000900190300002800199650000800227654000800235886220260306160641.0260306t2005||||xx |||||||||||||| ||spa|| aESP a371.68bN aSiraj-Blatchford, John (comp.)eAUT 0aNuevas tecnologías para la educación infantil y primaria c2005 a199 páginas :c24 cm. aGEN aCED